Mercado Laboral profesional: actualidad y algunas tendencias /

Збережено в:
Бібліографічні деталі
Автор: Chávez Hoyos, Marina
Формат: Текст
Предмети:
Теги: Додати тег
Немає тегів, Будьте першим, хто поставить тег для цього запису!

MARC

LEADER 00000 a a2200000 04500
001 45950
003
040
090 |a REV0657 (83) 1996  
100 |a Chávez Hoyos, Marina  
245 |a Mercado Laboral profesional: actualidad y algunas tendencias /  |c Marina Chávez Hoyos  
650 |a MEXICO  
650 |a ECONOMIA  
650 |a MERCADO LABORAL  
773 |g número83 (1996), páginas 36-40  
999 |c 31936  |d 31936